Συμβολή στη διερεύνηση της ιχθυοπανίδας και των αποθεμάτων στην ευρύτερη περιοχή του Εθνικού Θαλάσσιου Πάρκου Ζακύνθου (Ε.Θ.Π.Ζ.) : [μεταπτυχιακή διατριβή]

Αποθηκεύτηκε σε:
Λεπτομέρειες βιβλιογραφικής εγγραφής
Κύριος συγγραφέας: Γιούργης, Έκτωρ
Συγγραφή απο Οργανισμό/Αρχή: Πανεπιστήμιο Αιγαίου Σχολή Περιβάλλοντος Τμήμα Επιστημών της Θάλασσας Πρόγραμμα Μεταπτυχιακών Σπουδών Διαχείριση Παράκτιων Περιοχών
Άλλοι συγγραφείς: Κουτσούμπας, Δρόσος (Εισηγητής διατριβής)
Μορφή: Thesis Βιβλίο
Γλώσσα:Greek
Δημοσίευση: 2013
Θέματα:
Διαθέσιμο Online:http://hdl.handle.net/11610/11651
Ετικέτες: Προσθήκη ετικέτας
Δεν υπάρχουν, Καταχωρήστε ετικέτα πρώτοι!

MARC

LEADER 00000cam a2200000 i 4500
001 1/56233
008 140917s2013 gre d
035 |l 10119146 
040 |a GR-MY-UA  |b gre  |e aacr 
041 0 |a gre 
082 0 |a 597  |2 (22) 
100 1 |a Γιούργης, Έκτωρ. 
245 1 0 |a Συμβολή στη διερεύνηση της ιχθυοπανίδας και των αποθεμάτων στην ευρύτερη περιοχή του Εθνικού Θαλάσσιου Πάρκου Ζακύνθου (Ε.Θ.Π.Ζ.) :  |b [μεταπτυχιακή διατριβή] /  |c Έκτωρ Γιούργης ; επιβλέπων καθηγητής: Δρόσος Κουτσούμπας 
260 |c 2013 
300 |a 98 σ.;  |b εικ.;  |c 30 εκ. 
502 |a Διατριβή (μεταπτυχιακή) – Πανεπιστήμιο Αιγαίου, Λέσβος, 2013. 
504 |a Περιλαμβάνει βιβλιογραφία 
650 0 |a Fishes  |z Greece  |z Zakynthos (Municipality) 
650 0 |a Fish populations  |z Greece  |z Zakynthos (Municipality) 
650 0 0 |a Marine parks and reserves  |x Management  |z Greece  |z Zakynthos (Municipality) 
650 0 0 |a Dissertations, Academic  |z Greece. 
650 0 0 |a Marine parks and reserves  |z Greece  |z Zakynthos (Municipality) 
700 1 |4 ths  |a Κουτσούμπας, Δρόσος. 
710 2 |a Πανεπιστήμιο Αιγαίου  |b Σχολή Περιβάλλοντος  |b Τμήμα Επιστημών της Θάλασσας  |b Πρόγραμμα Μεταπτυχιακών Σπουδών Διαχείριση Παράκτιων Περιοχών. 
852 |a INST  |b LESVOS  |c DIATR  |e 20140917  |h 247  |p 005100055258  |q 005100055258  |t MTXE  |y 23 
852 |a INST  |b LESVOS  |c DIATR  |e 20140917  |h 248  |p 005100055259  |q 005100055259  |t MTXE  |y 23 
856 |u http://hdl.handle.net/11610/11651 
901 |a BIBL1-2014-3 
909 |a Λ  |b 190780 
909 |a Λ  |b 190781 
924 |a ΓΙΟΥΡΓΗΣ  |b ΕΚΤΩΡ  |y ΛΕΣΒΟΣ  |z 2013-04 
970 |a ΤΖΑΦΕΡΗ  |b ΕΥΑΓΓΕΛΙΑ  |z 2014/09/17